Представление документа в формате MARC21

Поле Инд. ПП Название Значение
Тип записи a
Библиографический уровень m
001 Контрольный номер d6b94a7c-ef87-4547-8ed0-fc6d2b58f634
005 Дата корректировки 20131112033731.9
008 Кодируемые данные 010710s1986 rur a 000u 0rus d
020 c Цена, тираж 2.10
040 a Служба первич. каталог. RU-RKP
a Служба первич. каталог. НБ ТвГУ
041 a Код языка текста rus
080 a Индекс УДК 510.22
a Индекс УДК 510.57
084 a Индекс другой классификации/Индекс ББК В127
090 x Авторский знак А85
a Полочн. индекс В127
092 a 27.03
100 1_ a Автор Арсланов Марат Мирзаевич
245 00 a Заглавие Рекурсивно перечислимые множества и степени неразрешимости
c Ответственность М. М. Арсланов
260 0_ a Место издания Казань
b Издательство Казанский государственный университет
c Дата издания 1986
300 a Объем 202,[3] с.
c Размеры 21 см
504 a Библиография Библиогр.: с.198-203.
650 a Основная рубрика Множеств теория
650 a Основная рубрика Функции рекурсивные
852 t Порядковый номер экземпляра 1
p Инвентарный номер 571046
863 t 00032119
954 a Дата поступления на обработку 200512
999 a Подразделение 2 Фил3